Generación del 80' /

Analizamos las ambigüedades y el complejo programa de la generación del 80, bisagra entre una nación en construcción y la Argentina moderna. Un grupo de políticos e intelectuales argentinos que tenía como eje rector de su accionar un lema: orden y progreso.

Guardado en:
Autor Principal: Mignona, Sebastián
Autor Corporativo: Canal Encuentro.
Formato: Deslizar
Publicado: Argentina, 2010
Series:XIX: Los Proyectos De Nación
Materias:
Etiquetas: Agregar Etiqueta
Sin Etiquetas, Sea el primero en etiquetar este registro!
LEADER 01067ngm a22002775g 4500
001 CEM.cems024087
008 130507s2010##################0###0#####d
005 20250818195050.0
245 1 0 |a Generación del 80' /  |c Sebastián Mignona. 
260 |a Argentina,  |c 2010 
300 |a Duración: 22 
490 0 |a XIX: Los Proyectos De Nación 
520 |a Analizamos las ambigüedades y el complejo programa de la generación del 80, bisagra entre una nación en construcción y la Argentina moderna. Un grupo de políticos e intelectuales argentinos que tenía como eje rector de su accionar un lema: orden y progreso. 
538 |a Soporte: DVD - Grabación DRD 
500 |a Consultar en ventanilla. 
100 1 |a Mignona, Sebastián 
710 2 |a Canal Encuentro. 
082 7 8 |/ MIG 
653 |a HISTORIA 
653 |a HISTORIA ARGENTINA 
653 |a SIGLO XIX 
653 |a GENERACION DEL 80 
653 |a ROCA 
653 |a CONQUISTA DEL DESIERTO 
653 |a SERIE DE TELEVISIÓN 
859 |a CEMS  |b BIB. CEMS - Depto. Recursos Didacticos  |h 782  |i MIG  |k DRD  |p 2730.19  |t Ej.1